000
00282nam a22001217a 4500
020
_a
1-86019-587-3
082
_a
001
_b
MAC/W
100
_a
MACLEOD, BEATRICE
245
_a
FISH
_b
WONDERFUL WORLD OF ANIMALS
260
_a
LONDON
_b
BROCKHAMPTON PRESS
650
_a
GK
_z
LONDON
942
_c
BK
999
_c
6370
_d
6370